| 000 | 00494nam a22001937a 4500 | ||
|---|---|---|---|
| 003 | OSt | ||
| 005 | 20220107122846.0 | ||
| 008 | 181128b xxu||||| |||| 00| 0 eng d | ||
| 020 | _a9783319739502 | ||
| 040 | _cIIITMK | ||
| 082 | _a005.82 DEH/C | ||
| 100 |
_aDehghantanha, Ali (Ed.) _915099 |
||
| 245 | _aCyber threat intelligence | ||
| 260 |
_aSwitzerland, _bSpringer, _c2018. |
||
| 300 | _avi, 334p. | ||
| 700 |
_aConti, Mauro _915100 |
||
| 700 |
_aDargahi, Tooska _915101 |
||
| 942 |
_2ddc _cBK |
||
| 999 |
_c6276 _d6276 |
||